书目信息 |
| 题名: |
低碳经济与农业发展思考
|
|
| 作者: | ;新能源与低碳行动课题组 主编 | |
| 分册: | ||
| 出版信息: | 北京 中国时代经济出版社 2011.1 |
|
| 页数: | 197页 | |
| 开本: | 24cm | |
| 丛书名: | 碳路者系列丛书 | |
| 单 册: | ||
| 中图分类: | F31 | |
| 科图分类: | ||
| 主题词: | 节能--农业经济--经济模式--研究 , 节能 , 农业经济 , 经济模式 | |
| 电子资源: | ||
| ISBN: | 978-7-5119-0321-1 | |
| 000 | 01043oam2 2200289 45 | |
| 001 | 1338809250 | |
| 005 | 20130513172745.62 | |
| 010 | @a978-7-5119-0321-1@dCNY28.00 | |
| 100 | @a20130108d2011 em y0chiy0110 ea | |
| 101 | 0 | @achi |
| 102 | @aCN@b110000 | |
| 105 | @ay z 000yy | |
| 106 | @ar | |
| 200 | 1 | @a低碳经济与农业发展思考@ADi Tan Jing Ji Yu Nong Ye Fa Zhan Si Kao@f新能源与低碳行动课题组主编@FXin Neng Yuan Yu Di Tan Xing Dong Ke Ti Zu Zhu Bian |
| 210 | @a北京@c中国时代经济出版社@d2011.1 | |
| 215 | @a197页@d24cm | |
| 225 | 2 | @a碳路者系列丛书 |
| 330 | @a本书包含的内容有:全球变暖,对农业意味着什么、低碳,农业新选择、“高碳”如何变“低碳”、农业废弃物不是“废物”、农业防灾减灾中的低碳要素等。 | |
| 461 | 0 | @12001 @a碳路者系列丛书 |
| 606 | 0 | @a节能@x农业经济@x经济模式@x研究 |
| 606 | 0 | @a节能 |
| 606 | 0 | @a农业经济 |
| 606 | 0 | @a经济模式 |
| 690 | @aF31@v5 | |
| 711 | 02 | @a新能源与低碳行动课题组@AXin Neng Yuan Yu Di Tan Xing Dong Ke Ti Zu@4主编 |
| 801 | @aCN@bTANGWEI@c20130108 | |
| 905 | @b0819724-28@dF31@e10@f5 | |
| 低碳经济与农业发展思考/新能源与低碳行动课题组主编.-北京:中国时代经济出版社,2011.1 |
| 197页;24cm.-(碳路者系列丛书) |
| ISBN 978-7-5119-0321-1:CNY28.00 |
| 本书包含的内容有:全球变暖,对农业意味着什么、低碳,农业新选择、“高碳”如何变“低碳”、农业废弃物不是“废物”、农业防灾减灾中的低碳要素等。 |
| ● |
| 相关链接 |
|
|
|
|
正题名:低碳经济与农业发展思考
索取号:F31/10
 
预约/预借
| 序号 | 登录号 | 条形码 | 馆藏地/架位号 | 状态 | 备注 |
| 1 | 0819724 | 208197244 | 第一样本阅览室/ [索取号:F31/10] | 在馆 | |
| 2 | 0819725 | 208197253 | 第一借阅区/ [索取号:F31/10] | 在馆 | |
| 3 | 0819726 | 208197262 | 第一借阅区/ [索取号:F31/10] | 在馆 | |
| 4 | 0819727 | 208197271 | 第一借阅区/ [索取号:F31/10] | 在馆 | |
| 5 | 0819728 | 208197280 | 第一借阅区/ [索取号:F31/10] | 在馆 |